00377nam a2200133Ia 4500008004100000082001400041100002200055245001200077260001800089600001500107942000700122952009700129999001700226241002s9999 xx 000 0 und d a808.3 MAU aMaurier, Daphmedu 0aRebecca aLondon:c1966 aLiterature cUC 00104070aUITUbUITUd1994-01-01l0o808.3 MAUpUC449r2024-10-02 09:31:21w2024-10-02yUC c18776d18776